Normal view
MARC view
Entry Personal Name
001 - CONTROL NUMBER
- control field: 265509
003 - CONTROL NUMBER IDENTIFIER
- control field: OSt
005 - DATE AND TIME OF LATEST TRANSACTION
- control field: 20260608142510.0
008 - FIXED-LENGTH DATA ELEMENTS
- fixed length control field: 260608|| aca||aabn | a|a d
040 ## - CATALOGING SOURCE
- Original cataloging agency: OSt
- Transcribing agency: OSt
100 ## - HEADING--PERSONAL NAME
- Personal name: MINAGUNDI SUBRAMANYAM.
- Dates associated with a name: ಮಿನಗುಂದಿ ಸುಬ್ರಹ್ಮಣ್ಯಂ
670 ## - SOURCE DATA FOUND
- Source citation: Work cat.: (OSt)105421: MINAGUNDI SUBRAMANYAM. ಮಿನಗುಂದಿ ಸುಬ್ರಹ್ಮಣ್ಯಂ, E vartanegalu nimmalli estive ?-2: madadi mattobba cheluvage., 2002